00978nam a2200265 i 4500001001000000003000900010005001700019007000300036008004100039040003000080082002400110100005200134245007800186264004800264300001800312336002900330337003400359338002800393490004600421500005300467500007300520505005400593650004000647650002500687000020193DO-SdBNP20240318104930.0ta100727s1970 dr r 000 0 spa d aDO-SdBNPbspacBNPHUerda 4a917.293bR696r 2221 aRodríguez Demorizi, Emilio,d1908-1986eautor10aRelaciones geográficas de Santo Domingo /cEmilio Rodríguez Demorizi. aSanto Domingo :bEditora del Caribe,c1970. a2v. ;c24 cm. 2rdacontent atexto btxt 2rdamedia asin mediaciónbn 2rdacarrieravolumenbnc0 aSociedad Dominicana de Geografíav1, 12 aIncluye índice de personas, lugares y materias aIncluye referencias bibliográficas y notas al pie de las páginas0 av.1tEditora el caribe--gv.2--tEditora taller-- 4aRepública DominicanaxGeografía 4aHaitíxGeografía